Normal view
MARC view
Entry Topical Term
001 - CONTROL NUMBER
- control field: 7941
003 - CONTROL NUMBER IDENTIFIER
- control field: Ke-BoTe
005 - DATE AND TIME OF LATEST TRANSACTION
- control field: 20220608162845.0
008 - FIXED-LENGTH DATA ELEMENTS
- fixed length control field: 220608|| aca||aabn | a|a d
040 ## - CATALOGING SOURCE
- Original cataloging agency: Ke-BoTe
- Transcribing agency: Ke-BoTe
150 ## - HEADING--TOPICAL TERM
- Topical term or geographic name entry element: Dentistry
- General subdivision: Handbooks, manuals, etc
670 ## - SOURCE DATA FOUND
- Source citation: Work cat.: (Ke-BoTe)3744: Levy, Saul . 1902- Saul Levy. 7940, Dentist's handbook of office and hospital procedures /, ©1963
